Statystyki dla Wszystkie Przystanki Autobusowe na Wilanowie

Kliknij tutaj aby rozwiązać quiz!

Ogólne statystyki

  • Ten quiz został rozwiązany 10 razy
  • Średni wynik to 12 z 43

Statystyki odpowiedzi

Przystanki% Poprawnych
Wilanów
86%
Branickiego
71%
Królowej Marysieńki
57%
Oś Królewska
57%
Sarmacka
57%
Świątynia Opatrzności Bożej
57%
Vogla
57%
Gąsek
43%
Kępa Zawadowska
43%
Powsinek
43%
Rosochata
43%
Vogla - Morysin
43%
Czekoladowa
29%
Jara
29%
Kosiarzy
29%
Oczyszczalnia ,,Południe"
29%
Ogród Botaniczny
29%
Powsin - Park Kultury
29%
Przekorna
29%
Rów Natoliński
29%
Stare Kabaty
29%
Waflowa
29%
Wiedeńska
29%
Zakamarek
29%
Andrutowa
14%
Europejska
14%
Hoserów
14%
Korbońskiego
14%
Łowcza
14%
Rosy
14%
Świętego Urszuli Ledóchowskiej
14%
Syta
14%
Tuzinowa
14%
Zaściankowa
14%
Zawady
14%
Bartyki
0%
Glebowa
0%
Grabalówki
0%
Latoszki
0%
Lercha
0%
Metryczna
0%
Ruczaj
0%
Siedliskowa
0%

Rozkład punktacji

Percentyl według liczby udzielonych odpowiedzi

Procent ludzi z każdym wynikiem

Twoja historia wyników

Nie rozwiązałeś tego quizu